Darts Premier League Tabelle 2026 - Statistiken

Allgemein
  • Dieses Quiz wurde 15 mal gespielt
  • Das Durchschnittsergebnis liegt bei 7 aus 8
Antwortstatistiken
Punkte Tagessiege Spieler % Korrekt
1 43 6 Luke Littler
100%
2 34 4 Jonny Clayton
93%
8 8 0 Josh Rock
93%
3 27 1 Luke Humphries
93%
4 26 2 Gerwyn Price
86%
6 18 0 Gian van Veen
86%
6 18 1 Michael van Gerwen
86%
5 18 2 Stephen Bunting
79%
Keine übereinstimmenden Quizze gefunden
Verteilung der Resultate
Anzahl Personen mit jedem Resultat
Perzentil nach korrekt beantworteten Fragen
Ihre Resultats-Entwicklung
Sie haben dieses Quiz noch nicht gespielt